Základy medzinárodného práva obchodného pre ekonómov

Salvato in:
Dettagli Bibliografici
Autore principale: Ďuriš, Michal
Ente Autore: Ekonomická univerzita v Bratislave. Fakulta medzinárodných vzťahov
Altri autori: Števček, Marek
Natura: Libro
Lingua:slovacco
Pubblicazione: Bratislava Vydavateľstvo EKONÓM 2005
Soggetti:
Tags: Aggiungi Tag
Nessun Tag, puoi essere il primo ad aggiungerne!!

MARC

LEADER 00000nam$a2200000$$$4500
001 0036527
005 20240223112502.6
020 |a 80-225-2065-9 
041 0 |a slo 
044 |a SK 
245 1 0 |a Základy medzinárodného práva obchodného pre ekonómov  |c Michal Ďuriš, Marek Števček 
264 1 |a Bratislava  |b Vydavateľstvo EKONÓM  |c 2005 
300 |a 149 s. 
610 2 0 |a právo obchodné 
610 2 0 |a právo medzinárodné 
610 2 0 |a úpravy právne 
610 2 0 |a podnikatelia 
610 2 0 |a záväzky 
610 2 0 |a dohody obchodné medzinárodné 
610 2 0 |a právo procesné medzinárodné 
610 2 0 |a cudzinci 
610 2 0 |a konanie súdne občianske 
610 2 0 |a spory súdne 
610 2 0 |a konanie rozhodcovské 
610 2 0 |a rozhodovanie 
100 1 |a Ďuriš, Michal 
700 1 |a Števček, Marek 
710 2 |a Ekonomická univerzita v Bratislave. Fakulta medzinárodných vzťahov